| 000 | 00969nam a2200289 i 4500 | ||
|---|---|---|---|
| 003 | EG-ScBUE | ||
| 005 | 20230207060042.0 | ||
| 008 | 090802s2013 ua f 000 f ara d | ||
| 017 | _a2007 / 3185 | ||
| 020 | _a9789770919743 | ||
| 040 |
_aEG-ScBUE _bara _erda _cEG-ScBUE _dEG-ScBUE |
||
| 082 | 0 | 4 |
_a892.737 _bغ ي ط _222 |
| 100 | 1 |
_98292 _aالغيطاني، جمال، _d1945-2015، _eمؤلف. |
|
| 245 | 1 | 0 |
_aوقائع حارة الزعفراني : _bرواية / _cجمال الغيطاني. |
| 250 | _aالطبعة الثالثة. | ||
| 264 | 1 |
_aالقاهرة : _bدار الشروق، _c2013. |
|
| 300 |
_a366 صفحة ؛ _c17 سم |
||
| 336 |
_2rdacontent _aنص _btxt |
||
| 337 |
_2rdamedia _aبدون وسيط _bn |
||
| 338 |
_2rdacarrier _aمجلد _bnc |
||
| 541 | _aBook Fair 2023. | ||
| 650 | 7 |
_aالقصص العربية _yقرن 20. _2BUEsh |
|
| 651 | _2BUEsh | ||
| 653 |
_bARALIT _cFebruary2023 |
||
| 655 | _vReading book | ||
| 942 |
_2ddc _cBB |
||
| 999 |
_c30096 _d30067 |
||